| 000 | 01240nam a22003377a 4500 | ||
|---|---|---|---|
| 003 | CHAP | ||
| 005 | 20220329134424.0 | ||
| 008 | 971013s1981 r 00010 d | ||
| 010 | _a20254 | ||
| 011 | _a21226 | ||
| 035 | _a25315 | ||
| 040 | _cCHAP | ||
| 082 |
_a544 _bA7Y |
||
| 100 | 0 | 0 |
_aAránero, Antonio. _97300 |
| 245 | _aQuímica analítica cualitativa | ||
| 260 |
_aMéxico, D.F., : _bMcGraw-Hill, _c1981 |
||
| 300 |
_a542 p. _b; láms |
||
| 590 |
_aBATCH-UPD _b10 _c20130110 _lUCH01 _h2056 |
||
| 590 |
_aBATCH-UPD _b10 _c20130410 _lUCH01 _h1409 |
||
| 590 |
_aBATCH-UPD _b10 _c20130914 _lUCH01 _h0617 |
||
| 590 |
_aCONVERSION _b10 _c20130109 _lUCH01 _h1312 |
||
| 650 | 1 | 4 |
_aQuímica analítica cualitativa. _993586 |
| 901 | _aBK | ||
| 942 | _cLIBRO | ||
| 949 |
_a544 A7Y _bBC _cLIBRO _d33724000391975 _eLIBRO _fc.2 _h63814 _i25315 _si |
||
| 949 |
_a544 A7Y _bBC _cLIBRO _d33724000391983 _eLIBRO _fc.3 _gI.C/E _h63954 _i25315 _si |
||
| 949 |
_a544 A7Y _bBC _cLIBRO _d33724000803748 _eLIBRO _fc.4 _gI.C/E _h63955 _i25315 _si |
||
| 949 |
_a544 A7Y _bBC _cLIBRO _d33724000830170 _eLIBRO _fc.5 _h63956 _i25315 _si |
||
| 949 |
_a544 A7Y _bBC _cLIBRO _d33724000936878 _eLIBRO _h63813 _i25315 _si |
||
| 949 |
_a544 A7y _bBC _cLIBRO _d33724002228884 _eLIBRO _fc.6 _h113995 _i25315 _si |
||
| 999 |
_c20254 _d20254 |
||